01115cam a22003014a 450000100090000000300040000900500170001300800410003001000170007102000150008804000180010304200140012104300120013505000240014710000320017124500800020326000400028330000290032350000640035252100080041652600090042461000400043365000550047365000710052865000650059965000590066485600900072313626612OSt20140310184400.0040617s2005 nyuab j b 001 0 eng  a 2004051040 a0439862736 aDLCcDLCdDLC apccalcac ae-gx---00aDD 253.5b.B37 20061 aBartoletti, Susan Campbell.10aHitler youth :bgrowing up in Hitler's shadow /cSusan Campbell Bartoletti. aNew York :bScholastic Inc.,c2006. a176 p. :bill. ;c23 cm. aIncludes bibliographical references (p. 169-173) and index. aG10 c105020aHitler-JugendvJuvenile literature. 0aNational socialism and youthvJuvenile literature. 0aJewish youthzGermanyxHistoryy20th centuryvJuvenile literature. 0aHolocaust, Jewish (1939-1945)zGermanyvJuvenile literature. 0aJewish children in the HolocaustvJuvenile literature.423Publisher descriptionuhttp://www.loc.gov/catdir/description/schol051/2004051040.html